[Event "20. Obert Int. Sant Marti 2018"]
[Site "Barcelona ESP"]
[Date "2018.07.14"]
[Round "2.46"]
[White "Roa Ribera, Alvaro"]
[Black "Marchador Villalba, Jordi"]
[Result "0-1"]
[WhiteElo "1742"]
[BlackElo "2009"]
[PlyCount "135"]
[EventDate "2018.07.13"]
[EventType "swiss"]
[EventRounds "9"]
[EventCountry "ESP"]
[SourceTitle "Ajedrez en Madrid"]
[Source "lmi"]
[SourceDate "2018.07.13"]
[SourceVersion "1"]
[SourceVersionDate "2019.06.21"]
[SourceQuality "1"]

1. e4 e5 2. Nf3 Nc6 3. Bb5 a6 4. Ba4 Nf6 5. O-O b5 6. Bb3 Be7 7. Re1 O-O 8. c3
d5 9. exd5 e4 10. dxc6 exf3 11. gxf3 Bd6 12. f4 Bxf4 13. d4 Qd6 14. Bxf4 Qxf4
15. Qd2 Qg4+ 16. Kf1 Qf3 17. Re3 Bh3+ 18. Ke1 Qh1+ 19. Ke2 Qf1+ 20. Kf3 Bg4+
21. Kf4 h6 22. h4 Qh1 23. f3 Qxh4 24. Qe1 g5+ 25. Ke5 Rae8+ 26. Kxf6 Qxe1 27.
Rxe1 Rxe1 28. fxg4 Rf1+ 29. Ke7 Kg7 30. Bc2 h5 31. a4 h4 32. axb5 axb5 33. Ra5
h3 34. Rxb5 f6 35. Rf5 Re1+ 36. Kd7 h2 37. Be4 Rf7+ 38. Kc8 Rxb1 39. Rf2 h1=Q
40. Bxh1 Rxh1 41. Rd2 Ra1 42. Kb7 Ra5 43. c4 Ra4 44. c5 Ra5 45. Rc2 Kf8 46. d5
Ke8 47. d6 Kd8 48. d7 Rb5+ 49. Ka6 Rb4 50. Re2 Rf8 51. Ka5 Rb3 52. Rg2 f5 53.
gxf5 Rxf5 54. Re2 Rf8 55. Ka4 Rb8 56. b4 Ra8+ 57. Kb3 g4 58. b5 Rb8 59. Ka4 g3
60. Ka5 Ra8+ 61. Kb4 Rg8 62. Rg2 Rg4+ 63. Kb3 Rb8 64. b6 cxb6 65. Re2 bxc5+ 66.
Kc3 Kc7 67. Re8 Rd8 68. Kd2 0-1

[Event "20. Obert Int. Sant Marti 2018"]
[Site "Barcelona ESP"]
[Date "2018.07.14"]
[Round "2.47"]
[White "Chang, Suzana"]
[Black "Robert, Thibaud"]
[Result "1-0"]
[WhiteElo "2005"]
[BlackElo "1830"]
[PlyCount "43"]
[EventDate "2018.07.13"]
[EventType "swiss"]
[EventRounds "9"]
[EventCountry "ESP"]
[SourceTitle "Ajedrez en Madrid"]
[Source "lmi"]
[SourceDate "2018.07.13"]
[SourceVersion "1"]
[SourceVersionDate "2019.06.21"]
[SourceQuality "1"]

1. e4 e6 2. Qe2 b6 3. Nf3 Bb7 4. g3 Nc6 5. Bg2 e5 6. O-O Nf6 7. c3 a5 8. d4 Ba6
9. c4 exd4 10. e5 Ng8 11. Ng5 Nh6 12. Ne4 Nf5 13. Nf6+ gxf6 14. exf6+ Nfe7 15.
Bg5 d5 16. Nd2 Qd7 17. fxe7 Nxe7 18. Rfe1 O-O-O 19. Bxe7 Re8 20. Qh5 Rxe7 21.
Bh3 Re6 22. cxd5 1-0

[Event "20. Obert Int. Sant Marti 2018"]
[Site "Barcelona ESP"]
[Date "2018.07.14"]
[Round "2.48"]
[White "Llorens Gou, Juan"]
[Black "Garcia Ruiz, Adrian"]
[Result "0-1"]
[WhiteElo "1717"]
[BlackElo "1995"]
[PlyCount "110"]
[EventDate "2018.07.13"]
[EventType "swiss"]
[EventRounds "9"]
[EventCountry "ESP"]
[SourceTitle "Ajedrez en Madrid"]
[Source "lmi"]
[SourceDate "2018.07.13"]
[SourceVersion "1"]
[SourceVersionDate "2019.06.21"]
[SourceQuality "1"]

1. d4 Nf6 2. Bf4 g6 3. Nf3 Bg7 4. e3 O-O 5. Bd3 d6 6. h3 c5 7. c3 Nc6 8. Nbd2
cxd4 9. exd4 e5 10. Bg5 h6 11. Bxf6 Bxf6 12. d5 Ne7 13. c4 Bg7 14. O-O f5 15.
Bc2 e4 16. Nh2 Bxb2 17. Rb1 Bg7 18. Qe2 Re8 19. a4 b6 20. Nb3 Ba6 21. Rbd1 Rc8
22. Nd2 Nxd5 23. Bb3 Kh7 24. Nb1 Nf4 25. Qe3 Nd3 26. Rxd3 exd3 27. Qxd3 d5 28.
Nf3 dxc4 29. Qxd8 Rcxd8 30. Bc2 c3 31. Re1 Rxe1+ 32. Nxe1 Re8 33. Nf3 Re2 34.
Na3 Bf8 35. Nd4 Re1+ 36. Kh2 Bxa3 37. Kg3 Bc5 38. Nb5 Bxb5 39. axb5 Re2 40. Bd3
c2 41. Bxc2 Bxf2+ 42. Kf3 Rxc2 43. g3 Bxg3 44. Kxg3 Rc3+ 45. Kg2 Kg7 46. Kh2
Kf6 47. Kg2 Kg5 48. Kh2 Kh4 49. Kg2 Rxh3 50. Kf2 Kg4 51. Kg2 Ra3 52. Kf2 h5 53.
Kg2 Ra2+ 54. Kh1 Kg3 55. Kg1 Ra1# 0-1

[Event "20. Obert Int. Sant Marti 2018"]
[Site "Barcelona ESP"]
[Date "2018.07.14"]
[Round "2.49"]
[White "Rodriguez Vega, Blas"]
[Black "Casaponsa Puig, Gaieta"]
[Result "1-0"]
[WhiteElo "1992"]
[BlackElo "1818"]
[PlyCount "47"]
[EventDate "2018.07.13"]
[EventType "swiss"]
[EventRounds "9"]
[EventCountry "ESP"]
[SourceTitle "Ajedrez en Madrid"]
[Source "lmi"]
[SourceDate "2018.07.13"]
[SourceVersion "1"]
[SourceVersionDate "2019.06.21"]
[SourceQuality "1"]

1. d4 Nf6 2. Bf4 d5 3. e3 e6 4. Nf3 c5 5. c3 Nc6 6. Bd3 Be7 7. h3 h6 8. Nbd2
Qb6 9. Rb1 Bd7 10. O-O O-O 11. Ne5 cxd4 12. exd4 Qd8 13. Re1 Nxe5 14. dxe5 Ne8
15. Nf3 f5 16. exf6 Bxf6 17. Qd2 Bxc3 18. bxc3 Qf6 19. Be5 Qe7 20. Rxb7 Nd6 21.
Rb4 Nf7 22. Rg4 Nxe5 23. Nxe5 Rf6 24. Re3 1-0

[Event "20. Obert Int. Sant Marti 2018"]
[Site "Barcelona ESP"]
[Date "2018.07.14"]
[Round "2.50"]
[White "Yang, Jack Nathaniel"]
[Black "Rusconi, Benito"]
[Result "1/2-1/2"]
[WhiteElo "1661"]
[BlackElo "1981"]
[PlyCount "138"]
[EventDate "2018.07.13"]
[EventType "swiss"]
[EventRounds "9"]
[EventCountry "ESP"]
[SourceTitle "Ajedrez en Madrid"]
[Source "lmi"]
[SourceDate "2018.07.13"]
[SourceVersion "1"]
[SourceVersionDate "2019.06.21"]
[SourceQuality "1"]

1. d4 d5 2. c4 e6 3. Nc3 Nf6 4. cxd5 exd5 5. Bg5 Nbd7 6. e3 Be7 7. Bd3 c6 8.
Nf3 O-O 9. O-O Ne4 10. Bxe7 Qxe7 11. Qc2 Ndf6 12. Nd2 Re8 13. Rae1 g6 14. f3
Nxd2 15. Qxd2 Be6 16. a3 c5 17. Bc2 Rac8 18. Ba4 Red8 19. Bb3 Qc7 20. dxc5 Qxc5
21. Qd4 Qxd4 22. exd4 Rc6 23. Rf2 Nh5 24. g3 Ng7 25. Rd2 Nf5 26. Na4 b6 27. Nc3
a6 28. Kf2 Kf8 29. g4 Nh4 30. Kg3 g5 31. f4 h6 32. f5 Bxf5 33. gxf5 Nxf5+ 34.
Kg4 Ne7 35. Bc2 Rf6 36. Kg3 Nc6 37. Bb3 Ne7 38. Rxe7 Kxe7 39. Nxd5+ Rxd5 40.
Bxd5 Kd6 41. Ba2 Rf4 42. d5 h5 43. h3 h4+ 44. Kh2 f5 45. Rg2 g4 46. hxg4 fxg4
47. Re2 Rd4 48. Rg2 Rf4 49. Re2 Rd4 50. Re6+ Kc5 51. Rc6+ Kb5 52. Rc2 Ka5 53.
Rg2 b5 54. d6 h3 55. Rc2 Rxd6 56. Kg3 Rh6 57. Rh2 Rg6 58. Bf7 Rg7 59. Be6 b4
60. axb4+ Kxb4 61. Re2 Rh7 62. Rh2 a5 63. Kxg4 Rg7+ 64. Kf3 Rg2 65. Rxg2 hxg2
66. Kxg2 a4 67. Ba2 a3 68. b3 Kc3 69. b4 Kxb4 1/2-1/2

[Event "20. Obert Int. Sant Marti 2018"]
[Site "Barcelona ESP"]
[Date "2018.07.14"]
[Round "2.51"]
[White "Jijo, Joy"]
[Black "Ji, Pablo"]
[Result "1-0"]
[WhiteElo "1969"]
[BlackElo "1774"]
[PlyCount "101"]
[EventDate "2018.07.13"]
[EventType "swiss"]
[EventRounds "9"]
[EventCountry "ESP"]
[SourceTitle "Ajedrez en Madrid"]
[Source "lmi"]
[SourceDate "2018.07.13"]
[SourceVersion "1"]
[SourceVersionDate "2019.06.21"]
[SourceQuality "1"]

1. e4 c5 2. Nf3 d6 3. d4 cxd4 4. Nxd4 Nf6 5. Nc3 g6 6. Be3 Bg7 7. f3 O-O 8. Qd2
Nc6 9. Bc4 Bd7 10. O-O-O Rc8 11. Bb3 Ne5 12. Kb1 Nc4 13. Bxc4 Rxc4 14. g4 Re8
15. g5 Nh5 16. Nce2 a5 17. Ng3 Nf4 18. c3 Ne6 19. h4 b5 20. Nxe6 Bxe6 21. Bd4
b4 22. Bxg7 Kxg7 23. cxb4 axb4 24. Rc1 Qc7 25. f4 Ra8 26. b3 Rxc1+ 27. Rxc1 Qa7
28. f5 Bxb3 29. Qb2+ Kg8 30. Qxb3 Qb7 31. fxg6 hxg6 32. Qd5 Qa7 33. Qb3 Qb7 34.
Qc2 b3 35. Qxb3 Qa7 36. Ka1 Qd4+ 37. Qc3 Qf2 38. a3 Qa7 39. Ka2 Qf2+ 40. Rc2
Qa7 41. h5 e5 42. hxg6 fxg6 43. Qc4+ Kf8 44. Qd3 Qb6 45. Nf1 Rb8 46. Rd2 Ke7
47. Ne3 Ke6 48. Nd5 Qd8 49. Qh3+ Kf7 50. Qh7+ Ke6 51. Nc7+ 1-0

[Event "20. Obert Int. Sant Marti 2018"]
[Site "Barcelona ESP"]
[Date "2018.07.14"]
[Round "2.52"]
[White "Romero Gamez, Francisco Javier"]
[Black "Albero Figueras, Emilio"]
[Result "1/2-1/2"]
[WhiteElo "1540"]
[BlackElo "1968"]
[PlyCount "71"]
[EventDate "2018.07.13"]
[EventType "swiss"]
[EventRounds "9"]
[EventCountry "ESP"]
[SourceTitle "Ajedrez en Madrid"]
[Source "lmi"]
[SourceDate "2018.07.13"]
[SourceVersion "1"]
[SourceVersionDate "2019.06.21"]
[SourceQuality "1"]

1. e4 e6 2. d4 d5 3. exd5 exd5 4. Bd3 Bd6 5. Ne2 Nf6 6. O-O O-O 7. Bf4 Bxf4 8.
Nxf4 Qd6 9. Nh5 Ng4 10. Ng3 f5 11. Be2 Nxh2 12. Kxh2 f4 13. Nc3 fxg3+ 14. fxg3
Rxf1 15. Qxf1 c6 16. Re1 Be6 17. Bg4 Bf7 18. Qf5 Na6 19. a3 Nc7 20. Qd7 Qxd7
21. Bxd7 Bg6 22. Re2 h5 23. g4 Rd8 24. Bf5 Bxf5 25. gxf5 Kf7 26. Kg3 Kf6 27.
Kf4 g6 28. fxg6 Ne6+ 29. Ke3 Kxg6 30. Nd1 Ng5 31. Nf2 Re8+ 32. Kd2 Rxe2+ 33.
Kxe2 Kf5 34. c3 Kf4 35. Nd1 Ne4 36. Ne3 1/2-1/2

[Event "20. Obert Int. Sant Marti 2018"]
[Site "Barcelona ESP"]
[Date "2018.07.14"]
[Round "2.53"]
[White "Nigalidze, Zviad"]
[Black "Houzi Acharki, Hanane"]
[Result "0-1"]
[WhiteElo "1968"]
[BlackElo "1664"]
[PlyCount "94"]
[EventDate "2018.07.13"]
[EventType "swiss"]
[EventRounds "9"]
[EventCountry "ESP"]
[SourceTitle "Ajedrez en Madrid"]
[Source "lmi"]
[SourceDate "2018.07.13"]
[SourceVersion "1"]
[SourceVersionDate "2019.06.21"]
[SourceQuality "1"]

1. e4 c5 2. Nf3 d6 3. Be2 Nf6 4. Nc3 g6 5. O-O Bg7 6. d3 O-O 7. h3 Nc6 8. Be3
a6 9. Qc1 b5 10. a3 Bd7 11. Nh2 Qc7 12. g4 Nd4 13. f4 Bc6 14. g5 Nxe2+ 15. Nxe2
Nh5 16. Ng4 d5 17. f5 Ng3 18. Qe1 Nxe2+ 19. Qxe2 Qg3+ 20. Qg2 Qxg2+ 21. Kxg2
gxf5 22. Nh6+ Bxh6 23. gxh6 d4 24. Bg5 f6 25. Bh4 fxe4 26. Kh2 e3 27. Rf5 Kf7
28. Rxc5 Rac8 29. c3 Rg8 30. Bg3 e5 31. cxd4 exd4 32. Rac1 Bd7 33. Rc7 Rxc7 34.
Rxc7 Ke6 35. Ra7 Rc8 36. Bc7 Kf5 37. Kg3 Kg6 38. Bb6 Rc6 39. Bxd4 Bf5 40. Bxe3
Bxd3 41. Kg4 f5+ 42. Kg3 Kh5 43. Rxh7 f4+ 44. Bxf4 Bxh7 45. Kf3 Rc4 46. Ke3 Kh4
47. Be5 Re4+ 0-1

[Event "20. Obert Int. Sant Marti 2018"]
[Site "Barcelona ESP"]
[Date "2018.07.14"]
[Round "2.54"]
[White "Tateo, Ida"]
[Black "Niklesh, Kumar Jain"]
[Result "0-1"]
[WhiteElo "1220"]
[BlackElo "1955"]
[PlyCount "86"]
[EventDate "2018.07.13"]
[EventType "swiss"]
[EventRounds "9"]
[EventCountry "ESP"]
[SourceTitle "Ajedrez en Madrid"]
[Source "lmi"]
[SourceDate "2018.07.13"]
[SourceVersion "1"]
[SourceVersionDate "2019.06.21"]
[SourceQuality "1"]

1. e4 c5 2. Nf3 g6 3. d4 cxd4 4. Nxd4 Bg7 5. Nc3 Nc6 6. Be3 Nf6 7. Bc4 O-O 8.
Bb3 d5 9. exd5 Na5 10. Qd2 Nxb3 11. Nxb3 b6 12. O-O-O Bb7 13. f3 Qd7 14. Rhe1
Rfd8 15. Bg5 Rac8 16. h4 a5 17. h5 a4 18. hxg6 axb3 19. gxh7+ Kh8 20. axb3 Re8
21. Bh6 Qf5 22. Bxg7+ Kxg7 23. Rh1 Kh8 24. Kb1 Red8 25. Qd4 Rd6 26. Rhe1 Bxd5
27. Kc1 Bxb3 28. cxb3 Rxd4 29. Rxd4 e5 30. Ra4 b5 31. Rb4 Nd5 32. Rxb5 Nxc3 33.
bxc3 Rxc3+ 34. Kb2 Qc2+ 35. Ka3 f6 36. Rh1 Rc8 37. g4 Ra8+ 38. Kb4 Qd2+ 39. Kc5
Qd4+ 40. Kc6 Rc8+ 41. Kb7 Qd7+ 42. Kb6 Rb8+ 43. Kc5 Qxb5+ 0-1

[Event "20. Obert Int. Sant Marti 2018"]
[Site "Barcelona ESP"]
[Date "2018.07.14"]
[Round "2.55"]
[White "Magallanes, Gustavo"]
[Black "Bhuta, Hriday"]
[Result "1/2-1/2"]
[WhiteElo "1952"]
[BlackElo "1650"]
[PlyCount "46"]
[EventDate "2018.07.13"]
[EventType "swiss"]
[EventRounds "9"]
[EventCountry "ESP"]
[SourceTitle "Ajedrez en Madrid"]
[Source "lmi"]
[SourceDate "2018.07.13"]
[SourceVersion "1"]
[SourceVersionDate "2019.06.21"]
[SourceQuality "1"]

1. e4 c6 2. Nc3 d5 3. Nf3 dxe4 4. Nxe4 Nf6 5. Nxf6+ exf6 6. d4 Bd6 7. Bd3 O-O
8. O-O Re8 9. h3 Nd7 10. c4 c5 11. d5 Ne5 12. Be2 Bd7 13. Ne1 Ng6 14. Nd3 Qc8
15. f4 Nh4 16. Bg4 Nf5 17. Re1 Qc7 18. Bd2 Nd4 19. Rc1 Rxe1+ 20. Bxe1 f5 21.
Bf3 Bxf4 22. Nxf4 Qxf4 23. Rc3 Re8 1/2-1/2

[Event "20. Obert Int. Sant Marti 2018"]
[Site "Barcelona ESP"]
[Date "2018.07.15"]
[Round "3.11"]
[White "Serarols Mabras, Bernat"]
[Black "Miciano, John Marvin"]
[Result "1/2-1/2"]
[WhiteElo "2269"]
[BlackElo "2411"]
[PlyCount "41"]
[EventDate "2018.07.13"]
[EventType "swiss"]
[EventRounds "9"]
[EventCountry "ESP"]
[SourceTitle "Ajedrez en Madrid"]
[Source "lmi"]
[SourceDate "2018.07.13"]
[SourceVersion "1"]
[SourceVersionDate "2019.06.21"]
[SourceQuality "1"]

1. d4 g6 2. c4 Bg7 3. Nc3 d6 4. Nf3 Nf6 5. g3 O-O 6. Bg2 c6 7. O-O Qa5 8. e4
Bg4 9. h3 Bxf3 10. Bxf3 Nbd7 11. Rb1 e5 12. d5 cxd5 13. cxd5 Rfc8 14. Qe2 a6
15. Bd2 Qd8 16. Kg2 h5 17. Rfc1 Qf8 18. Qe3 Qd8 19. b4 Nb6 20. Be2 Nc4 21. Bxc4
1/2-1/2

[Event "20. Obert Int. Sant Marti 2018"]
[Site "Barcelona ESP"]
[Date "2018.07.15"]
[Round "3.12"]
[White "Pena Gomez, Manuel"]
[Black "Ruperez, Miguel"]
[Result "1-0"]
[WhiteElo "2475"]
[BlackElo "2226"]
[PlyCount "113"]
[EventDate "2018.07.13"]
[EventType "swiss"]
[EventRounds "9"]
[EventCountry "ESP"]
[SourceTitle "Ajedrez en Madrid"]
[Source "lmi"]
[SourceDate "2018.07.13"]
[SourceVersion "1"]
[SourceVersionDate "2019.06.21"]
[SourceQuality "1"]

1. c4 c5 2. g3 g6 3. Bg2 Bg7 4. Nf3 Nc6 5. O-O d6 6. Nc3 e5 7. a3 Nge7 8. Rb1
a5 9. Ne1 Be6 10. d3 d5 11. cxd5 Nxd5 12. Ne4 b6 13. Ng5 Qd7 14. Nxe6 Qxe6 15.
Nc2 O-O 16. Ne3 Nde7 17. b4 axb4 18. axb4 cxb4 19. Bd2 Ra2 20. Bxb4 Nd4 21. Re1
Rb8 22. Bxe7 Qxe7 23. Nd5 Qd6 24. e3 Ne6 25. Rb5 Ra5 26. Qb1 Rxb5 27. Qxb5 Nc7
28. Qb4 Qxb4 29. Nxb4 Bf8 30. Nc6 Re8 31. Rb1 b5 32. Ra1 Kg7 33. Ra7 Bd6 34.
Rb7 h6 35. h4 h5 36. Na7 Rd8 37. Be4 b4 38. Kg2 Ne6 39. Nc6 Rc8 40. Bd5 Kf6 41.
Nxb4 Bxb4 42. Rxb4 Rc3 43. Rb3 Rc5 44. Bc4 Ke7 45. Rb7+ Nc7 46. Kf3 f6 47. Bb3
Rc6 48. Ke2 g5 49. Rb8 gxh4 50. gxh4 Na6 51. Rh8 Rb6 52. Bc4 Rb2+ 53. Kf3 Nc5
54. Rxh5 Rc2 55. e4 Nd7 56. Rh7+ Kd6 57. Rf7 1-0

[Event "20. Obert Int. Sant Marti 2018"]
[Site "Barcelona ESP"]
[Date "2018.07.15"]
[Round "3.13"]
[White "Ruiz Castillo, Joshua Daniel"]
[Black "Chernyak, Viktoria"]
[Result "1-0"]
[WhiteElo "2410"]
[BlackElo "2206"]
[PlyCount "57"]
[EventDate "2018.07.13"]
[EventType "swiss"]
[EventRounds "9"]
[EventCountry "ESP"]
[SourceTitle "Ajedrez en Madrid"]
[Source "lmi"]
[SourceDate "2018.07.13"]
[SourceVersion "1"]
[SourceVersionDate "2019.06.21"]
[SourceQuality "1"]

1. Nf3 b6 2. g3 Bb7 3. Bg2 Nf6 4. O-O e6 5. c4 c5 6. Nc3 Be7 7. b3 O-O 8. Bb2
a6 9. Rc1 b5 10. d3 d6 11. e3 Qb6 12. Qe2 Nc6 13. Rfd1 Rfd8 14. Ba1 h6 15. Rb1
Rab8 16. d4 cxd4 17. exd4 Na5 18. d5 e5 19. cxb5 axb5 20. b4 Nc4 21. a4 Ba6 22.
axb5 Bxb5 23. Nxb5 Qxb5 24. Bf1 Na3 25. Qa2 Qa4 26. Bb2 e4 27. Nh4 e3 28. Qxa3
exf2+ 29. Kh1 1-0

[Event "20. Obert Int. Sant Marti 2018"]
[Site "Barcelona ESP"]
[Date "2018.07.15"]
[Round "3.14"]
[White "Samant, Aditya S"]
[Black "Eggleston, David J"]
[Result "1/2-1/2"]
[WhiteElo "2191"]
[BlackElo "2397"]
[PlyCount "100"]
[EventDate "2018.07.13"]
[EventType "swiss"]
[EventRounds "9"]
[EventCountry "ESP"]
[SourceTitle "Ajedrez en Madrid"]
[Source "lmi"]
[SourceDate "2018.07.13"]
[SourceVersion "1"]
[SourceVersionDate "2019.06.21"]
[SourceQuality "1"]

1. e4 c5 2. Nf3 d6 3. d4 Nf6 4. Nc3 cxd4 5. Nxd4 a6 6. h3 e6 7. g4 h6 8. Bg2
Be7 9. Be3 Nc6 10. Qe2 Nxd4 11. Bxd4 e5 12. Be3 b5 13. O-O O-O 14. Rfd1 Bb7 15.
a3 Qc7 16. Rd2 Bc6 17. Rad1 Qb7 18. Nd5 Nxd5 19. exd5 Bd7 20. b3 f5 21. gxf5
Bxf5 22. c4 Qc8 23. Kh2 Bg5 24. c5 Bxe3 25. Qxe3 Qxc5 26. Qxc5 dxc5 27. d6 Rad8
28. Rc1 Rf6 29. Rxc5 Rfxd6 30. Rxd6 Rxd6 31. Rxe5 Be6 32. b4 Kf7 33. Re3 Bc4
34. Bb7 Rb6 35. Bf3 Kf6 36. Kg3 g5 37. h4 a5 38. hxg5+ hxg5 39. bxa5 Ra6 40.
Bg2 Rxa5 41. f4 gxf4+ 42. Kxf4 Ra7 43. Bf3 Rd7 44. Rc3 Rd4+ 45. Ke3 Ke5 46. Bc6
Rh4 47. Bxb5 Rh3+ 48. Kd2 Rxc3 49. Kxc3 Bxb5 50. a4 Bxa4 1/2-1/2

[Event "20. Obert Int. Sant Marti 2018"]
[Site "Barcelona ESP"]
[Date "2018.07.15"]
[Round "3.15"]
[White "Abhishek, Das"]
[Black "Segarra Calderer, Albert"]
[Result "1-0"]
[WhiteElo "2325"]
[BlackElo "2095"]
[PlyCount "83"]
[EventDate "2018.07.13"]
[EventType "swiss"]
[EventRounds "9"]
[EventCountry "ESP"]
[SourceTitle "Ajedrez en Madrid"]
[Source "lmi"]
[SourceDate "2018.07.13"]
[SourceVersion "1"]
[SourceVersionDate "2019.06.21"]
[SourceQuality "1"]

1. e4 d5 2. exd5 Qxd5 3. Nc3 Qa5 4. d4 Nf6 5. Bc4 c6 6. Nge2 Bf5 7. O-O e6 8.
Ng3 Bd6 9. Nxf5 Qxf5 10. Bd3 Qg4 11. Qxg4 Nxg4 12. f3 Nf6 13. Ne4 Bc7 14. Nxf6+
gxf6 15. Bh6 Nd7 16. g4 O-O-O 17. Kh1 Rhg8 18. c3 Nb6 19. Bc2 Nd5 20. Rae1 Kb8
21. Rg1 Nf4 22. Rd1 Nh3 23. Rgf1 c5 24. dxc5 Rxd1 25. Bxd1 Rd8 26. Bc2 Ng5 27.
Rd1 Nxf3 28. Rxd8+ Bxd8 29. Bxh7 Ng5 30. Bg8 Be7 31. h4 Ne4 32. Be3 f5 33. g5
e5 34. Bxf7 f4 35. Bg1 f3 36. Be3 Ng3+ 37. Kg1 Nf5 38. Bf2 e4 39. Bg6 e3 40.
Bxf5 Bxc5 41. Bg3+ Ka8 42. Kf1 1-0

[Event "20. Obert Int. Sant Marti 2018"]
[Site "Barcelona ESP"]
[Date "2018.07.15"]
[Round "3.16"]
[White "Frayna, Janelle Mae"]
[Black "Dahale, Atul"]
[Result "0-1"]
[WhiteElo "2315"]
[BlackElo "2040"]
[PlyCount "112"]
[EventDate "2018.07.13"]
[EventType "swiss"]
[EventRounds "9"]
[EventCountry "ESP"]
[SourceTitle "Ajedrez en Madrid"]
[Source "lmi"]
[SourceDate "2018.07.13"]
[SourceVersion "1"]
[SourceVersionDate "2019.06.21"]
[SourceQuality "1"]

1. d4 Nf6 2. Bf4 g6 3. Nc3 Bg7 4. e4 d6 5. Qd2 c6 6. O-O-O b5 7. f3 b4 8. Nce2
Qa5 9. Kb1 Be6 10. Nc1 Nbd7 11. Bh6 Bxh6 12. Qxh6 Qc7 13. h4 Nb6 14. Nge2 a5
15. Nf4 Bc4 16. h5 O-O-O 17. Bd3 e5 18. dxe5 dxe5 19. Qg5 Nfd7 20. Nfe2 Nc5 21.
hxg6 hxg6 22. Rxh8 Rxh8 23. f4 Re8 24. f5 gxf5 25. Qxf5+ Be6 26. Qf2 Nbd7 27.
Ng3 Kb8 28. Nf5 Rg8 29. Rf1 a4 30. Qe2 Nb6 31. Qd2 b3 32. Qb4 Nb7 33. axb3 c5
34. Qd2 axb3 35. cxb3 Rd8 36. Qc3 Rg8 37. Rf2 Rh8 38. g4 Rh1 39. Rc2 Rg1 40.
Be2 Nd7 41. b4 Qb6 42. Qe3 cxb4 43. Qxb6 Nxb6 44. Rd2 Nc5 45. Rd1 Rxd1 46. Bxd1
Nc4 47. Ng3 Ne3 48. Be2 Nxg4 49. Nd3 Nxd3 50. Bxd3 Nf2 51. Be2 Kc7 52. Kc2 Kd6
53. Kd2 Kc5 54. Ke3 Nh3 55. Bd1 Nf4 56. Ne2 Bg4 0-1

[Event "20. Obert Int. Sant Marti 2018"]
[Site "Barcelona ESP"]
[Date "2018.07.15"]
[Round "3.17"]
[White "Ryan, Joseph"]
[Black "Lacasta Palacio, Joaquim"]
[Result "0-1"]
[WhiteElo "2273"]
[BlackElo "2105"]
[PlyCount "116"]
[EventDate "2018.07.13"]
[EventType "swiss"]
[EventRounds "9"]
[EventCountry "ESP"]
[SourceTitle "Ajedrez en Madrid"]
[Source "lmi"]
[SourceDate "2018.07.13"]
[SourceVersion "1"]
[SourceVersionDate "2019.06.21"]
[SourceQuality "1"]

1. e4 c5 2. Nf3 Nc6 3. Bb5 e6 4. Bxc6 bxc6 5. d3 d5 6. c4 Nf6 7. Qe2 Be7 8. O-O
O-O 9. e5 Nd7 10. Bf4 a5 11. a4 Nb8 12. Nc3 Na6 13. Rfe1 Nb4 14. Rad1 Ba6 15.
b3 Rb8 16. Nb1 Rb7 17. g3 Rd7 18. Rf1 Qb6 19. h4 h6 20. Rd2 Rfd8 21. Rfd1 Bc8
22. Rf1 dxc4 23. dxc4 Nd3 24. Qd1 Nxf4 25. gxf4 Rxd2 26. Nbxd2 Rd3 27. Qc2 Qd8
28. Rd1 f5 29. exf6 Bxf6 30. Re1 Bc3 31. Re3 Rxe3 32. fxe3 Bb4 33. Nf1 Qe7 34.
h5 Bd7 35. Ng3 Be8 36. Kg2 Qf6 37. Ne5 Be1 38. Qe2 Bxg3 39. Kxg3 Qf5 40. Qg4
Bxh5 41. Qxf5 exf5 42. Nxc6 Bd1 43. Nxa5 Kf8 44. Kf2 Bc2 45. Ke1 Be4 46. b4
cxb4 47. Nb3 Ke7 48. a5 Kd6 49. a6 Kc7 50. c5 Kb8 51. Nd4 Ka7 52. Kd2 Kxa6 53.
Ne6 Kb5 54. Nxg7 Kxc5 55. Nh5 Kc4 56. Ng3 b3 57. Kc1 Kd3 58. Kb2 Kxe3 0-1

[Event "20. Obert Int. Sant Marti 2018"]
[Site "Barcelona ESP"]
[Date "2018.07.15"]
[Round "3.18"]
[White "Deepak, Katiyar"]
[Black "Krysa, Leandro"]
[Result "0-1"]
[WhiteElo "2108"]
[BlackElo "2533"]
[PlyCount "106"]
[EventDate "2018.07.13"]
[EventType "swiss"]
[EventRounds "9"]
[EventCountry "ESP"]
[SourceTitle "Ajedrez en Madrid"]
[Source "lmi"]
[SourceDate "2018.07.13"]
[SourceVersion "1"]
[SourceVersionDate "2019.06.21"]
[SourceQuality "1"]

1. e4 c6 2. d4 d5 3. Nd2 dxe4 4. Nxe4 Bf5 5. Ng3 Bg6 6. h4 h6 7. Nf3 Nd7 8. h5
Bh7 9. Bd3 Bxd3 10. Qxd3 e6 11. Bd2 Ngf6 12. O-O-O Bd6 13. Ne4 Nxe4 14. Qxe4
Nf6 15. Qe2 Bc7 16. g3 Qd5 17. c4 Qf5 18. Rdg1 O-O-O 19. Be3 Ng4 20. Rh4 c5 21.
dxc5 Nxe3 22. Qxe3 Rd7 23. c6 bxc6 24. Nd4 Qc5 25. Nb3 Qxe3+ 26. fxe3 Rhd8 27.
Re4 Bd6 28. Rd4 Be5 29. Rxd7 Rxd7 30. g4 Kc7 31. Kc2 Kb6 32. Rg2 f5 33. g5 f4
34. gxh6 gxh6 35. exf4 Bxf4 36. a4 c5 37. Rg6 Rd6 38. a5+ Kc6 39. Nc1 Rd2+ 40.
Kc3 Rh2 41. Rxe6+ Kd7 42. Re2 Rxh5 43. Nd3 Rh3 44. b4 cxb4+ 45. Kd4 Bd6 46. c5
Bf8 47. Ne5+ Ke8 48. Rg2 Rh4+ 49. Kd5 b3 50. Rb2 Rh3 51. Re2 Rh5 52. Rf2 b2 53.
Rxb2 Rxe5+ 0-1

[Event "20. Obert Int. Sant Marti 2018"]
[Site "Barcelona ESP"]
[Date "2018.07.15"]
[Round "3.19"]
[White "Saptorshi, Gupta"]
[Black "Iniyan, P."]
[Result "0-1"]
[WhiteElo "2091"]
[BlackElo "2451"]
[PlyCount "72"]
[EventDate "2018.07.13"]
[EventType "swiss"]
[EventRounds "9"]
[EventCountry "ESP"]
[SourceTitle "Ajedrez en Madrid"]
[Source "lmi"]
[SourceDate "2018.07.13"]
[SourceVersion "1"]
[SourceVersionDate "2019.06.21"]
[SourceQuality "1"]

1. e4 c5 2. Ne2 a6 3. g3 b5 4. Bg2 Bb7 5. d4 cxd4 6. Nxd4 Nf6 7. Nd2 Qb6 8. c3
e5 9. Nf5 g6 10. Ne3 Bg7 11. O-O d6 12. b3 O-O 13. Bb2 Nbd7 14. b4 Bc6 15. c4
Qb7 16. Nd5 Nb6 17. Rc1 a5 18. Nxb6 Qxb6 19. c5 dxc5 20. bxc5 Qc7 21. Qc2 Qe7
22. f4 Ng4 23. Rce1 Rfd8 24. h3 Bf8 25. Nb3 a4 26. hxg4 axb3 27. Qxb3 exf4 28.
gxf4 Rd2 29. Rc1 Rxg2+ 30. Kxg2 Qxe4+ 31. Kg3 Qg2+ 32. Kh4 Be7+ 33. g5 Bxg5+
34. fxg5 Ra4+ 35. Qxa4 bxa4 36. Be5 Bd7 0-1

[Event "20. Obert Int. Sant Marti 2018"]
[Site "Barcelona ESP"]
[Date "2018.07.15"]
[Round "3.20"]
[White "Perez Mitjans, Orelvis"]
[Black "Gonzalez Saguillo, Oriol"]
[Result "1-0"]
[WhiteElo "2399"]
[BlackElo "2090"]
[PlyCount "27"]
[EventDate "2018.07.13"]
[EventType "swiss"]
[EventRounds "9"]
[EventCountry "ESP"]
[SourceTitle "Ajedrez en Madrid"]
[Source "lmi"]
[SourceDate "2018.07.13"]
[SourceVersion "1"]
[SourceVersionDate "2019.06.21"]
[SourceQuality "1"]

1. e4 e6 2. d4 d5 3. e5 c5 4. c3 Nc6 5. Be3 Qb6 6. Qd2 Nh6 7. Nf3 Nf5 8. Bd3
Bd7 9. O-O cxd4 10. cxd4 Nfxd4 11. Nxd4 Nxd4 12. Rc1 Bb4 13. Qd1 O-O 14. Bxd4
1-0